Every US State That Doesn't Have A Major Sports Team - Statistics

General Stats
  • This quiz has been taken 64 times
  • The average score is 23 of 24
Answers on the Map
Answers color-coded by a green-red scale on the quiz's map according to % correct below.
 
Answer Stats
State % Correct
North Dakota
98%
South Dakota
98%
Alabama
97%
Alaska
97%
Idaho
97%
Maine
97%
New Hampshire
97%
Vermont
97%
West Virginia
97%
Iowa
95%
Montana
95%
New Mexico
95%
Rhode Island
95%
South Carolina
95%
Arkansas
94%
Delaware
94%
Hawaii
94%
Virginia
94%
Wyoming
94%
Connecticut
92%
Kentucky
92%
Mississippi
92%
Nebraska
90%
Kansas
85%
No matching quizzes found
Score Distribution
Percent of People with Each Score
Percentile by Number Answered
Your Score History
You have not taken this quiz